Llwytho...

Khajuraho /

Manylion Llyfryddiaeth
Prif Awdur: Desai, Devangana
Fformat: Printed Book
Iaith:English
Cyhoeddwyd: New Delhi : Oxford University Press, 2001.
Cyfres:Monumental legacy
Pynciau:
LEADER 00577nam a22001697a 4500
008 151205b xxu||||| |||| 00| 0 eng d
020 |a 9780195656435 
082 |a 726.145 DES 
100 |a Desai, Devangana 
245 |a Khajuraho /  |c Devangana Desai 
260 |a New Delhi :  |b Oxford University Press,  |c 2001. 
300 |a 107p. 
440 |a Monumental legacy 
650 |a Monuments 
942 |2 ddc  |c BK 
999 |c 13208  |d 13208 
952 |0 0  |1 0  |2 ddc  |4 0  |6 726_145000000000000_DES  |7 0  |9 18864  |a MAIN  |b MAIN  |d 2015-12-05  |e Mathrubhumi Books  |g 275.00  |o 726.145 DES  |p 19102  |r 2015-12-05  |t 1  |w 2015-12-05  |y BK